Every D1 NCAA College in Ohio - Statistics

General Stats
  • This quiz has been taken 35 times
  • The average score is 10 of 13
Answer Stats
Hint Answer % Correct
Bobcats Ohio
100%
Buckeyes Ohio State
100%
Zips Akron
94%
Bearcats Cincinnati
94%
Rockets Toledo
88%
Falcons Bowling Green State
84%
Flyers Dayton
84%
Redhawks Miami University
84%
Golden Flashes Kent State
81%
Vikings Cleveland State
72%
Penguins Youngstown State
63%
Musketeers Xavier
56%
Raiders Wright State
44%
No matching quizzes found
Score Distribution
Percent of People with Each Score
Percentile by Number Answered
Your Score History
You have not taken this quiz